|
|
|
|
| LEADER |
00000nam a22000007a 4500 |
| 005 |
2022051908428.0 |
| 007 |
cr|||| |||| |
| 008 |
220519c19239999gb qr|w s|||| 0|||b1eng d |
| 022 |
|
|
|a 1467-9299
|
| 035 |
|
|
|a 36222
|
| 040 |
|
|
|a vLex
|
| 090 |
|
|
|c 13371
|d 13371
|
| 245 |
0 |
0 |
|a Public Administration
|h [Recurso electrn̤ico] /
|
| 256 |
|
|
|a Servicio en ln̕ea
|
| 260 |
|
|
|a Hoboken:
|b Wiley,
|c 1923 -
|
| 300 |
|
|
|a 1 recurso electrn̤ico
|
| 310 |
|
|
|a Trimestral
|
| 362 |
|
|
|a Nð 1-1 (Ene. 1923) -
|
| 500 |
|
|
|a Public Administration, founded in 1922, is a major refereed journal with global circulation and global coverage. The journal publishes articles on all facets of public administration, public policy and public management. The editors are especially interested in papers that deal with major administrative challenges that generate theoretical advances and provide substantive insights.
|
| 506 |
1 |
|
|a Disponible solo en los productos indicados
|d vLex Global
|d vLex Global (Academic Edition, excluding Law Schools)
|d vLex Global (U.S. Academic Edition, Law Schools)
|d vLex Global (U.S. Academic Edition, excluding Law Schools)
|d vLex Global (Academic Edition, Law Schools)
|
| 650 |
0 |
4 |
|a Derecho Pb︢lico y Administrativo
|z Reino Unido
|
| 740 |
0 |
|
|a vLex Revistas (Servicio en ln̕ea)
|
| 856 |
4 |
0 |
|u https://app.vlex.com/#/sources/36222
|z Acceso restringido
|
| 942 |
|
|
|c REV
|
| 999 |
0 |
|
|a Public and Administrative Law
|